Musique par lettre - U - Statistiques

Statistiques générales
  • Ce quiz a été pris 133 fois
  • Le résultat moyen est 8 sur 15
Statistiques - réponses
Questions Réponses % Correct
Quelle chanson de Rihanna est la traduction anglaise de "parapluie" ? Umbrella
97%
Quel instrument de musique d'origine hawaïenne, à l'apparence d'une petite guitare ? Ukulélé
89%
Quel groupe irlandais chante "Sunday, bloody sunday" ? U2
85%
Quelle chanson de Ricky Martin signifie "un, deux, trois" ? Un, dos, tres
83%
Quelle chanson de Queen signifie "sous pression" ? Under Pressure
72%
Quelle chanson de Michel Fugain est "un beau roman" ? Une belle histoire
70%
Quelle chanson de Claudio Capéo raconte son passé difficile dans les rues ? Un homme debout
65%
Quel rappeur américain était à l'affiche du show de la mi-temps du SuperBowl en 2024, et chante "Call me a mack" et "Hey Daddy" ? Usher
63%
Quelle chanson d'Henri Salvador lui était chantée par sa maman ? Une chanson douce
57%
Quelle chanson de Gérard Blanc débute par "On oublie tout, tous les barrages" ? Une autre histoire
44%
Quelle chanson humoristique de William Baldé de 2008, débute par "_ ___ _ ___, dort sur tes cheveux longs ? Un rayon de soleil
43%
Quelle chanson de PLK comprend les paroles "Un peu de biff, un peu de buzz" ? Un peu de haine
27%
Quel rappeur français chante "A la fête" et "Coeur abîmé" ? Uzi
21%
Quelle chanson de Laylow est à la fin de "Kaizen", reportage d'Inoxtag ? Une histoire étrange
17%
Quel rappeur français est l'interprète de "Cancer", "Choc générationnel" et "Si tu m'aimes" ? Udeyfa
4%
Aucun quiz correspondant
Distribution des résultats
% des personnes avec chaque résultat
Percentile par nombre de réponses
Votre historique - résultats
Vous n’avez pas pris ce quiz